Ojo crítico y memoria visual (Record no. 187647)

MARC details
000 -LEADER
campo de control de longitud fija 01112nam a2200277 i 4500
001 - NÚMERO DE CONTROL
campo de control 187647
003 - IDENTIFICADOR DE NÚMERO DE CONTROL
campo de control ES-MaACL
005 - FECHA Y HORA DE LA ÚLTIMA TRANSACCIÓN
campo de control 20231215121354.0
008 - DATOS DE LONGITUD FIJA--INFORMACIÓN GENERAL
campo de control de longitud fija 171214s2016 sp |||| |bspa d
020 ## - NÚMERO INTERNACIONAL ESTÁNDAR DEL LIBRO
Número Internacional Estándar del Libro 978-84-15245-50-6
080 ## - NÚMERO DE LA CLASIFICACIÓN DECIMAL UNIVERSAL
Número de la Clasificación Decimal Universal 75(4)
100 0# - ENTRADA PRINCIPAL--NOMBRE DE PERSONA
Nombre de persona Milicua, José.
9 (RLIN) 81113
245 10 - MENCIÓN DEL TÍTULO
Título Ojo crítico y memoria visual
Resto del título : escritos de arte /
Mención de responsabilidad, etc. José Milicua ; textos reunidos por Artur Ramon ; ensayos de Artur Ramon, M. Rosa Vives, Ferdinando Bologna ... [et al.].
260 ## - PUBLICACIÓN, DISTRIBUCIÓN, ETC.
Lugar de publicación, distribución, etc. Madrid :
Nombre del editor, distribuidor, etc. Centro de Estudios Europa Hispánica,
Fecha de publicación, distribución, etc. 2016.
300 ## - DESCRIPCIÓN FÍSICA
Extensión 523 p. :
Otras características físicas il. col. y n. ;
Dimensiones 25 cm.
490 1# - MENCIÓN DE SERIE
Mención de serie Confluencias
504 ## - NOTA DE BIBLIOGRAFÍA, ETC.
Nota de bibliografía, etc. Bibliografía: p. 495 -500. Índice.
600 04 - PUNTO DE ACCESO ADICIONAL DE MATERIA--NOMBRE DE PERSONA
Nombre de persona Milicua, José.
9 (RLIN) 81113
650 #4 - PUNTO DE ACCESO ADICIONAL DE MATERIA--TÉRMINO DE MATERIA
Término de materia o nombre geográfico como elemento de entrada Pintura española-
Subdivisión general Influencia europea.
9 (RLIN) 161998
700 1# - ENTRADA AGREGADA--NOMBRE PERSONAL
Nombre de persona Ramon i Navarro, Artur.
9 (RLIN) 163924
830 0# - PUNTO DE ACCESO ADICIONAL DE SERIE-TÍTULO UNIFORME
Título uniforme Confluencias
9 (RLIN) 225593
852 ## - LOCALIZACIÓN
Ubicación ES-MaACL
Número de control de estantería A-14145
itemnumber 194734
Sublocalización o colección R.151384
Ubicación en estantería Depósito 1
Signatura antigua Olim: N-7145
Donativo/Legado Donación: Centro de Estudios Europa Hispánica
914 ## - NOMBRE ENTIDAD DE DONANTE
RLIN 137568
Nombre de congreso/reunión o jurisdicción como elemento de entrada Centro de Estudios Europa Hispánica
Unidad subordinada Donante
942 ## - ELEMENTOS DE ENTRADA SECUNDARIOS (KOHA)
Fuente del sistema de clasificación o colocación Clasificación decimal universal
Tipo de ítem Koha Libro impreso
Holdings
Estatus retirado Estado de pérdida Fuente del sistema de clasificación o colocación Estado de daño No para préstamo Biblioteca de origen Biblioteca actual Ubicación en estantería Fecha de adquisición Fuente de adquisición Total de préstamos Signatura topográfica completa Código de barras Visto por última vez Precio de reemplazo Tipo de ítem Koha
    Clasificación decimal universal     Biblioteca del Ateneo de Madrid Biblioteca del Ateneo de Madrid Depósito 1 14/12/2017 Donación   A-14145 1198199 23/02/2023 23/02/2023 Libro impreso